| 000 | 00343nam a22001217a 4500 | ||
|---|---|---|---|
| 008 | 230619b xxu||||| |||| 00| 0 eng d | ||
| 082 |
_a261.70 _bOKU |
||
| 100 | _cHenry Okullu | ||
| 245 | _aChurch and State in Nation Building and Human Development | ||
| 260 |
_aNairobi,Kenya _bUzima Press Limited _c1984 |
||
| 300 | _aXVI,141p | ||
| 942 |
_2ddc _cBK |
||
| 999 |
_c1292 _d1292 |
||